Con Clavi Con Dio Ghost lyrics - Statistics

General Stats
  • This quiz has been taken 87 times
  • The average score is 89 of 109
Answer Stats
lyrics % Correct
clavi,
100%
Dio
100%
con
97%
are
89%
we
89%
here
87%
one
87%
you
87%
For
84%
of
84%
scuro
84%
Siamo
84%
siamo
84%
the
84%
your
84%
Lucifer,
82%
evil
79%
nostro
79%
praise,
79%
il
76%
in
76%
Our
76%
our
76%
Out
76%
destroyer
74%
earth
74%
three,
74%
Satanas,
71%
son
71%
infernal
68%
sings
68%
trinity
68%
chosen
63%
Demigod,
63%
palms
63%
task
63%
And
61%
mask,
61%
Oh,
61%
Behind
58%
bleeding
58%
rebel
58%
chief,
55%
from
55%
smear
55%
conjuration
53%
precipice
53%
Rise
53%
smudge
53%
through
53%
birth
50%
salms
26%
No matching quizzes found
Score Distribution
Percent of People with Each Score
Percentile by Number Answered
Your Score History
You have not taken this quiz